El eurocomunismo y la lenta transición de la Europa capitalista: entrevista /
Wedi'i Gadw mewn:
| Prif Awdur: | |
|---|---|
| Fformat: | Texto |
| Pynciau: | |
| Tagiau: |
Ychwanegu Tag
Dim Tagiau, Byddwch y cyntaf i dagio'r cofnod hwn!
|
MARC
| LEADER | 00000 a a2200000 04500 | ||
|---|---|---|---|
| 001 | 44231 | ||
| 003 | |||
| 040 | |||
| 100 | |a Hobsbawn, Heric | ||
| 245 | |a El eurocomunismo y la lenta transición de la Europa capitalista: |b entrevista / |c Heric Hobsbawn | ||
| 650 | |a PAISES CAPITALISTAS | ||
| 650 | |a EUROPA | ||
| 650 | |a ENTREVISTAS | ||
| 773 | |g volumen40 ( , 1978), Páginas 253-262 | ||
| 999 | |c 33363 |d 33363 | ||
